000 00320nam a2200121Ia 4500
005 20251222140057.0
008 251222s1900||||xx |||||||||||||| ||spa||
082 _a234.23/F12
245 0 _aLa Proclamación del Mensaje Cristiano:
250 _a1ra. ed.
264 _bFacultad de Teología San Vicente Ferrer
942 _cLIB
999 _c3796
_d3796